000 00281nam a22001337a 4500
008 170920b xxu||||| |||| 00| 0 eng d
020 _a9780880703666
041 _aeng
080 _a7
100 _a45
101 _aART
245 _aACTINIS LONGING
_cTADA.J.E
942 _2udc
_cBK
999 _c28403
_d28403